80s [i.e. Ochentas] Style (Record no. 1679)

MARC details
000 -CABECERA
campo de control de longitud fija 00802nam a2200241 a 4500
001 - NÚMERO DE CONTROL
campo de control BRCA_1906
005 - FECHA Y HORA DE LA ÚLTIMA TRANSACCIÓN
campo de control 20190320203610.0
008 - DATOS DE LONGITUD FIJA--INFORMACIÓN GENERAL
campo de control de longitud fija 090608s1990----uk-a---###---#000-0#eng-#
020 ## - NÚMERO INTERNACIONAL ESTÁNDAR DEL LIBRO
Número Internacional Estándar del Libro 0500276137
050 #4 - SIGNATURA TOPOGRÁFICA DE LA BIBLIOTECA DEL CONGRESO
Número de clasificación NK2395
Número de documento/Ítem .B36 1990
100 1# - ENTRADA PRINCIPAL--NOMBRE DE PERSONA
Nombre de persona Bangert, Albrecht
9 (RLIN) 5881
245 10 - MENCIÓN DE TÍTULO
Título 80s [i.e. Ochentas] Style
Resto del título Designs of the Decade
Mención de responsabilidad, etc. Albrecht Bangert y Karl Michael Armer ; foreword by Ettore Sottsass.
260 ## - PUBLICACIÓN, DISTRIBUCIÓN, ETC.
Lugar de publicación, distribución, etc. Londres
Nombre del editor, distribuidor, etc. Thames and Hudson
Fecha de publicación, distribución, etc. 1990
300 ## - DESCRIPCIÓN FÍSICA
Extensión 240 p.
Otras características físicas il. a color
Dimensiones 30 cm.
500 ## - NOTA GENERAL
Nota general Incluye índice alfabético
504 ## - NOTA DE BIBLIOGRAFÍA, ETC.
Nota de bibliografía, etc. Bibliografía : p. 236
650 14 - PUNTO DE ACCESO ADICIONAL DE MATERIA--TÉRMINO DE MATERIA
Término de materia o nombre geográfico como elemento de entrada Mobiliario
Subdivisión general Diseño
Subdivisión cronológica 1980
9 (RLIN) 5882
650 14 - PUNTO DE ACCESO ADICIONAL DE MATERIA--TÉRMINO DE MATERIA
Término de materia o nombre geográfico como elemento de entrada Iluminación
9 (RLIN) 5883
650 14 - PUNTO DE ACCESO ADICIONAL DE MATERIA--TÉRMINO DE MATERIA
Término de materia o nombre geográfico como elemento de entrada Vajillas
Subdivisión general 650 textiles
9 (RLIN) 5884
700 1# - PUNTO DE ACCESO ADICIONAL--NOMBRE DE PERSONA
Nombre de persona Armer, Karl Michael
9 (RLIN) 5885
700 1# - PUNTO DE ACCESO ADICIONAL--NOMBRE DE PERSONA
Nombre de persona Sottsass, Ettore
9 (RLIN) 5886
942 ## - ELEMENTOS DE PUNTO DE ACCESO ADICIONAL (KOHA)
Fuente del sistema de clasificación o colocación Library of Congress Classification
Tipo de ítem Koha Libros
Holdings
Estado de retiro Estado de pérdida Estado dañado No para préstamo Localización permanente Ubicación/localización actual Fecha de adquisición Total de préstamos Signatura topográfica completa Código de barras Fecha visto por última vez Precio válido a partir de Tipo de ítem Koha
El ejemplar forma parte de la colección y puede ser consultado según las políticas vigentes.       Biblioteca del Museo Franz Mayer (Rogerio Casas-Alatriste) Biblioteca del Museo Franz Mayer (Rogerio Casas-Alatriste) 30/07/2008   NK2395 .B36 1990 01568 22/03/2019 22/03/2019 Libros